[Event "TCh-FRA Top 12 2018"]
[Site "Brest FRA"]
[Date "2018.05.28"]
[Round "3.2"]
[Board "8"]
[White "Choisy, Mathilde"]
[Black "Guichard, Pauline"]
[Result "0-1"]
[WhiteTitle "WFM"]
[BlackTitle "WGM"]
[WhiteElo "2158"]
[BlackElo "2303"]
[WhiteTeam "MULHOUSE Philidor"]
[BlackTeam "CLICHY Echecs 92"]
[WhiteFideId "634565"]
[BlackFideId "639370"]
[EventDate "2018.05.26"]

1. e4 e5 2. Nf3 Nc6 3. Bc4 Nf6 4. d3 h6 5. O-O d6 6. a4 g6 7. Re1 Bg7 8. c3 O-O
9. b4 a6 10. Qb3 Qe7 11. a5 Kh8 12. Nbd2 Nh5 13. Nf1 f5 14. Ne3 f4 15. Nd5 Qd8
16. d4 g5 17. dxe5 g4 18. Nd4 Bxe5 19. Ra2 Qh4 20. Nxc6 bxc6 21. Nxc7 f3 22. g3
Nxg3 23. fxg3 Bxg3 24. Rf1 f2+ 25. Raxf2 Bxf2+ 0-1

[Event "TCh-FRA Top 12 2018"]
[Site "Brest FRA"]
[Date "2018.05.28"]
[Round "3.3"]
[Board "1"]
[White "Cornette, Deimante"]
[Black "Safarli, Eltaj"]
[Result "1/2-1/2"]
[WhiteTitle "IM"]
[BlackTitle "GM"]
[WhiteElo "2461"]
[BlackElo "2657"]
[WhiteTeam "C.E.M.C. Monaco"]
[BlackTeam "Metz Fischer"]
[WhiteFideId "12802859"]
[BlackFideId "13402129"]
[EventDate "2018.05.26"]

1. e4 g6 2. d4 d6 3. Nc3 c6 4. Be3 Bg7 5. f4 Qb6 6. a3 Nf6 7. Nf3 Bg4 8. Rb1 d5
9. e5 Ne4 10. Be2 Qa5 11. O-O Nxc3 12. bxc3 b5 13. Bd2 Qc7 14. Ne1 Bxe2 15. Qxe2
e6 16. g4 Nd7 17. Nd3 Nb6 18. f5 Bf8 19. fxe6 fxe6 20. Rf6 O-O-O 21. Nf4 Re8 22.
Nxe6 Qd7 23. Nxf8 Rhxf8 24. Rxf8 Rxf8 25. Rf1 Rxf1+ 26. Kxf1 Qf7+ 27. Kg2 Kd7
28. Qf3 Ke6 29. Qxf7+ Kxf7 30. h4 a5 31. Kf3 Nc4 32. Bc1 c5 33. Kf4 cxd4 34.
cxd4 h6 35. c3 Ke6 36. Kf3 g5 37. hxg5 hxg5 38. Ke2 Kf7 39. Kd3 a4 1/2-1/2

[Event "TCh-FRA Top 12 2018"]
[Site "Brest FRA"]
[Date "2018.05.28"]
[Round "3.3"]
[Board "2"]
[White "Balogh, Csaba"]
[Black "Kosten, Anthony C."]
[Result "1-0"]
[WhiteTitle "GM"]
[BlackTitle "GM"]
[WhiteElo "2628"]
[BlackElo "2448"]
[WhiteTeam "Metz Fischer"]
[BlackTeam "C.E.M.C. Monaco"]
[WhiteFideId "718939"]
[BlackFideId "400114"]
[EventDate "2018.05.26"]

1. e4 e5 2. Nf3 Nc6 3. Bc4 Nf6 4. d3 Bc5 5. c3 O-O 6. Bg5 h6 7. Bh4 Be7 8. Nbd2
d6 9. O-O Na5 10. Bb5 a6 11. Ba4 b5 12. Bc2 c5 13. d4 cxd4 14. cxd4 Nc6 15. h3
Bb7 16. Re1 Re8 17. a3 exd4 18. Nb3 d5 19. e5 Ne4 20. Bxe7 Qxe7 21. Nfxd4 Qxe5
22. Nxc6 Bxc6 23. f3 Qxb2 24. Nd4 Nf6 25. Qd2 Rxe1+ 26. Rxe1 Qxa3 27. Nxc6 Qc5+
28. Nd4 a5 29. Kh1 b4 30. Rc1 Qb6 31. Ba4 Nh5 32. g4 Nf6 33. Kg2 Rd8 34. Qe3 Qa7
35. Qe5 Qb8 36. Qxb8 Rxb8 37. Rc5 Ra8 38. Nb3 Kf8 39. Rxa5 Rc8 40. Rc5 Ra8 41.
Ra5 Rc8 42. Nd4 Rc4 43. Nf5 Rc8 44. Rb5 g6 45. Nd4 1-0

[Event "TCh-FRA Top 12 2018"]
[Site "Brest FRA"]
[Date "2018.05.28"]
[Round "3.3"]
[Board "3"]
[White "Efimov, Igor"]
[Black "Antoniewski, Rafal"]
[Result "0-1"]
[WhiteTitle "GM"]
[BlackTitle "GM"]
[WhiteElo "2413"]
[BlackElo "2521"]
[WhiteTeam "C.E.M.C. Monaco"]
[BlackTeam "Metz Fischer"]
[WhiteFideId "806404"]
[BlackFideId "1111078"]
[EventDate "2018.05.26"]

1. Nf3 Nf6 2. c4 b6 3. d3 c5 4. e4 d6 5. Be2 Nc6 6. O-O g6 7. Nc3 Bg7 8. d4 Bg4
9. d5 Bxf3 10. Bxf3 Nd4 11. Be2 O-O 12. Be3 Nd7 13. Qd2 a6 14. Rae1 e5 15. dxe6
fxe6 16. Bg4 Qe7 17. f4 b5 18. b3 Rab8 19. Bh3 bxc4 20. bxc4 Nb6 21. Qd3 Nc6 22.
Kh1 Nb4 23. Qd2 Nxc4 24. Qe2 Nxe3 0-1

[Event "TCh-FRA Top 12 2018"]
[Site "Brest FRA"]
[Date "2018.05.28"]
[Round "3.3"]
[Board "4"]
[White "Todorov, Todor"]
[Black "Villegas, Pierre"]
[Result "1/2-1/2"]
[WhiteTitle "GM"]
[BlackTitle "FM"]
[WhiteElo "2477"]
[BlackElo "2345"]
[WhiteTeam "Metz Fischer"]
[BlackTeam "C.E.M.C. Monaco"]
[WhiteFideId "2903237"]
[BlackFideId "654183"]
[EventDate "2018.05.26"]

1. e4 c6 2. Nf3 d5 3. d3 dxe4 4. dxe4 Qxd1+ 5. Kxd1 Nf6 6. Nfd2 Nbd7 7. f3 g6 8.
Nb3 h5 9. Be3 Bh6 10. Bf2 Nb6 11. c3 Be6 12. Nc5 O-O-O+ 13. Kc2 Bc4 14. b3 Bxf1
15. Rxf1 Bf4 16. g3 Bc7 17. h4 Nbd7 18. Nd3 Ne5 19. Nxe5 Bxe5 20. Nd2 Bc7 21.
Rad1 Nd7 22. Rfe1 Bb6 23. Bxb6 axb6 24. e5 Nc5 25. b4 Ne6 26. a4 Rhg8 27. Nc4
Rxd1 28. Rxd1 Kc7 29. f4 Ra8 30. Kb3 Rd8 1/2-1/2

[Event "TCh-FRA Top 12 2018"]
[Site "Brest FRA"]
[Date "2018.05.28"]
[Round "3.3"]
[Board "5"]
[White "Dornbusch, Tatiana"]
[Black "Feller, Sebastien"]
[Result "0-1"]
[WhiteTitle "WGM"]
[BlackTitle "GM"]
[WhiteElo "2290"]
[BlackElo "2574"]
[WhiteTeam "C.E.M.C. Monaco"]
[BlackTeam "Metz Fischer"]
[WhiteFideId "14107449"]
[BlackFideId "634654"]
[EventDate "2018.05.26"]

1. d4 Nf6 2. Nf3 e6 3. c4 Bb4+ 4. Nbd2 O-O 5. a3 Be7 6. e4 d6 7. Bd3 c5 8. d5 e5
9. O-O Nbd7 10. b4 a5 11. b5 g6 12. Nb1 Nh5 13. Bh6 Ng7 14. Qc2 Nb6 15. Nbd2 Bd7
16. Kh1 Qc7 17. Rae1 Rae8 18. Ng1 Bc8 19. f4 exf4 20. Qc3 f6 21. Rxf4 Nd7 22.
Bc2 Ne5 23. h3 Nf7 24. Bxg7 Kxg7 25. Rf2 Kg8 26. Ngf3 Ne5 27. Ref1 Bd8 28. Kg1
Qg7 29. Nb3 b6 30. Nbd2 Qh6 31. Nxe5 fxe5 32. Rxf8+ Rxf8 33. Rxf8+ Kxf8 34. a4
Kg7 35. Bd1 Qh4 36. Kf1 Qf4+ 37. Bf3 h5 38. Ke2 Kh6 39. Qe3 g5 40. Qxf4 exf4 41.
e5 dxe5 42. d6 Be6 43. Bc6 g4 44. hxg4 hxg4 45. Kd3 Kg5 46. Ke4 Kf6 47. Be8 Bg8
48. Bd7 Be6 49. Bc6 Bf5+ 50. Kd5 f3 51. g3 f2 52. Be8 e4 53. Nf1 Be6+ 54. Kc6
Ke5 55. Bh5 Kd4 0-1

[Event "TCh-FRA Top 12 2018"]
[Site "Brest FRA"]
[Date "2018.05.28"]
[Round "3.3"]
[Board "6"]
[White "Terrieux, Kevin"]
[Black "Ribbegren, Karl Johan"]
[Result "1-0"]
[WhiteTitle "IM"]
[WhiteElo "2462"]
[BlackElo "2222"]
[WhiteTeam "Metz Fischer"]
[BlackTeam "C.E.M.C. Monaco"]
[WhiteFideId "622591"]
[BlackFideId "5400040"]
[EventDate "2018.05.26"]

1. d4 Nf6 2. c4 c5 3. d5 e5 4. Nc3 d6 5. e4 Nbd7 6. Be2 Be7 7. Nf3 Nf8 8. O-O
Ng6 9. a3 h5 10. b4 b6 11. Rb1 h4 12. h3 Kf8 13. Bd2 Nd7 14. Qc1 Nf6 15. Ne1 Nh5
16. Nd3 Bf6 17. bxc5 bxc5 18. Rb3 Bd7 19. Re1 a6 20. Bf1 Rb8 21. Rxb8 Qxb8 22.
Qc2 Nhf4 23. Rb1 Qc8 24. Rb6 Ke7 25. Qb1 Nxd3 26. Bxd3 Nf4 27. Be2 Rd8 28. Bd1
Bxh3 29. Bxf4 exf4 30. gxh3 Qxh3 31. Rb7+ Ke8 32. e5 Bxe5 33. Qh7 Rd7 34. Ba4
Qg4+ 35. Kf1 Qh3+ 36. Ke2 Qg4+ 37. Kd2 1-0

[Event "TCh-FRA Top 12 2018"]
[Site "Brest FRA"]
[Date "2018.05.28"]
[Round "3.3"]
[Board "7"]
[White "Meylan, Andre"]
[Black "Vitoux, Colomban"]
[Result "0-1"]
[BlackTitle "IM"]
[WhiteElo "2179"]
[BlackElo "2384"]
[WhiteTeam "C.E.M.C. Monaco"]
[BlackTeam "Metz Fischer"]
[WhiteFideId "1301225"]
[BlackFideId "628549"]
[EventDate "2018.05.26"]

1. e4 e5 2. Nf3 Nf6 3. Nxe5 d6 4. Nf3 Nxe4 5. Qe2 Qe7 6. d3 Nf6 7. Bg5 Be6 8.
Nc3 c6 9. O-O-O Nbd7 10. Nd4 O-O-O 11. f4 h6 12. Bh4 g5 13. fxg5 Nh7 14. Nxe6
fxe6 15. Bf2 Qxg5+ 16. Kb1 Re8 17. g3 Qa5 18. d4 Bg7 19. Bg2 Nhf6 20. Rhe1 Re7
21. Bh3 Rhe8 22. Qc4 d5 23. Qd3 Kb8 24. Be3 e5 25. dxe5 Nxe5 26. Bf4 Ka8 27.
Bxe5 Rxe5 28. Rxe5 Rxe5 29. Qg6 Qc7 30. a3 Qe7 31. Rf1 a6 32. Ka2 d4 33. Na4 Ka7
34. Qd3 b5 35. Qxd4+ c5 36. Nxc5 Qxc5 37. Qxc5+ Rxc5 38. Re1 Kb8 39. Re7 Rc7 40.
Re2 Nd5 41. c3 Re7 42. Rd2 Ne3 43. Kb3 Nc4 44. Rf2 Nb6 45. Kb4 Be5 46. Bf1 Kc7
47. Ka5 Kb7 48. Bg2+ Ka7 49. Kb4 Bd6+ 50. Kb3 Nc4 51. Bf1 Bc5 52. Rf6 Nd2+ 53.
Ka2 Re1 54. Bd3 Re3 55. Rf7+ Kb6 56. Rf6+ Ka7 57. Rf7+ Kb8 58. Rd7 Nf3 59. Rd5
Be7 60. a4 bxa4 61. Bxa6 Nxh2 62. Bb5 a3 63. Rh5 Ng4 64. bxa3 Rxc3 65. Bd7 Nf6
66. Rxh6 Nxd7 67. Rh7 Rxa3+ 68. Kb2 Re3 69. Kc2 Kc7 70. g4 Kd6 71. Rh6+ Kd5 72.
Rh5+ Ne5 73. Kd2 Rg3 74. g5 Rg2+ 75. Ke1 Ng4 76. g6+ Ke4 77. Kf1 Ne3+ 78. Ke1
Bb4# 0-1

[Event "TCh-FRA Top 12 2018"]
[Site "Brest FRA"]
[Date "2018.05.28"]
[Round "3.3"]
[Board "8"]
[White "Benmesbah, Natacha"]
[Black "Van Hoolandt, Patrick"]
[Result "1-0"]
[WhiteTitle "WIM"]
[BlackTitle "FM"]
[WhiteElo "2264"]
[BlackElo "2086"]
[WhiteTeam "Metz Fischer"]
[BlackTeam "C.E.M.C. Monaco"]
[WhiteFideId "642002"]
[BlackFideId "200999"]
[EventDate "2018.05.26"]

1. e4 e5 2. Nf3 Nc6 3. Bc4 Bc5 4. c3 Nf6 5. d3 a6 6. O-O Ba7 7. h3 d6 8. Bb3 h6
9. Re1 O-O 10. Nbd2 Re8 11. Nf1 Be6 12. Ng3 Bxb3 13. Qxb3 Rb8 14. Be3 Bxe3 15.
Rxe3 d5 16. Rd1 dxe4 17. dxe4 Qe7 18. Red3 Qe6 19. Qxe6 Rxe6 20. Kf1 g6 21. Ke2
Rf8 22. Nd2 Rd8 23. Rxd8+ Nxd8 24. Nc4 Nc6 25. a4 a5 26. Ne3 Kf8 27. Nd5 Ne8 28.
h4 h5 29. Nf1 b6 30. Nfe3 Rd6 31. f3 Rd8 32. g4 hxg4 33. fxg4 Rb8 34. h5 Kg8 35.
h6 b5 36. axb5 Rxb5 37. Nc4 f6 38. Nde3 Rb8 39. Rd7 Nd8 40. Nd5 Ne6 41. Ne7+ 1-0

[Event "TCh-FRA Top 12 2018"]
[Site "Brest FRA"]
[Date "2018.05.28"]
[Round "3.4"]
[Board "1"]
[White "Donchenko, Alexander"]
[Black "Miton, Kamil"]
[Result "1/2-1/2"]
[WhiteTitle "GM"]
[BlackTitle "GM"]
[WhiteElo "2587"]
[BlackElo "2604"]
[WhiteTeam "VANDOEUVRE-Echecs"]
[BlackTeam "C.E. de BOIS COLOMBES"]
[WhiteFideId "24603295"]
[BlackFideId "1111914"]
[EventDate "2018.05.26"]

1. Nf3 d5 2. g3 g6 3. Bg2 Bg7 4. d4 Nf6 5. O-O O-O 6. c4 dxc4 7. Na3 c3 8. bxc3
c5 9. Ne5 Nc6 10. Nac4 Be6 11. Nxc6 bxc6 12. Ne5 Nd5 13. Bd2 Bxe5 14. dxe5 Qc7
15. f4 Rfd8 16. Qc1 Qd7 17. e4 Nb4 18. cxb4 Qxd2 19. Qxc5 Qd4+ 20. Qxd4 Rxd4 21.
f5 Bc4 22. Rfd1 Rxd1+ 23. Rxd1 Bxa2 24. Rd7 a5 25. bxa5 Rxa5 26. Rxe7 Kf8 27. f6
Be6 28. Rc7 Rc5 29. h4 Ke8 30. Re7+ Kd8 31. g4 h6 32. Kf2 g5 33. hxg5 hxg5 34.
Ke3 Rc3+ 35. Kd2 Rc5 36. Kd3 Rc1 37. Kd2 Ra1 38. Bf3 Ra2+ 39. Ke1 Ra1+ 40. Kd2
Ra2+ 41. Ke1 c5 42. Be2 c4 43. Rxe6 fxe6 44. Bxc4 Ra4 45. Bxe6 Rxe4+ 46. Kd2
Rxe5 47. Bf7 Re4 48. Bh5 Rf4 49. f7 Ke7 50. Ke3 Kf8 1/2-1/2

[Event "TCh-FRA Top 12 2018"]
[Site "Brest FRA"]
[Date "2018.05.28"]
[Round "3.4"]
[Board "2"]
[White "Laznicka, Viktor"]
[Black "Hamitevici, Vladimir"]
[Result "1-0"]
[WhiteTitle "GM"]
[BlackTitle "GM"]
[WhiteElo "2671"]
[BlackElo "2508"]
[WhiteTeam "C.E. de BOIS COLOMBES"]
[BlackTeam "VANDOEUVRE-Echecs"]
[WhiteFideId "316385"]
[BlackFideId "13902393"]
[EventDate "2018.05.26"]

1. d4 Nf6 2. c4 c5 3. d5 g6 4. Nc3 Bg7 5. e4 O-O 6. Nf3 d6 7. Bd3 e6 8. h3 Re8
9. O-O Na6 10. Bg5 h6 11. Be3 Nc7 12. Qd2 h5 13. Bg5 e5 14. Nh4 Qd7 15. f4 exf4
16. Bxf4 Nh7 17. Nf3 a6 18. Rae1 Be5 19. Nxe5 dxe5 20. Be3 b6 21. Bc2 Qd6 22. b4
cxb4 23. Na4 b5 24. c5 Qd8 25. Nb6 a5 26. d6 Ra7 27. Nxc8 Qxc8 28. d7 1-0

[Event "TCh-FRA Top 12 2018"]
[Site "Brest FRA"]
[Date "2018.05.28"]
[Round "3.4"]
[Board "3"]
[White "Solodovnichenko, Yuri"]
[Black "Cornette, Matthieu"]
[Result "1/2-1/2"]
[WhiteTitle "GM"]
[BlackTitle "GM"]
[WhiteElo "2531"]
[BlackElo "2600"]
[WhiteTeam "VANDOEUVRE-Echecs"]
[BlackTeam "C.E. de BOIS COLOMBES"]
[WhiteFideId "14104369"]
[BlackFideId "620084"]
[EventDate "2018.05.26"]

1. e4 c5 2. Nf3 Nc6 3. Bb5 e6 4. Bxc6 bxc6 5. d3 Ne7 6. Qe2 d5 7. O-O Ng6 8. c4
Bd6 9. Nc3 O-O 10. Re1 d4 11. e5 Nxe5 12. Nxe5 dxc3 13. bxc3 Bxe5 14. Qxe5 Qxd3
15. Qxc5 Ba6 1/2-1/2

[Event "TCh-FRA Top 12 2018"]
[Site "Brest FRA"]
[Date "2018.05.28"]
[Round "3.4"]
[Board "4"]
[White "Zhigalko, Sergei"]
[Black "Bailet, Pierre"]
[Result "1/2-1/2"]
[WhiteTitle "GM"]
[BlackTitle "IM"]
[WhiteElo "2606"]
[BlackElo "2501"]
[WhiteTeam "C.E. de BOIS COLOMBES"]
[BlackTeam "VANDOEUVRE-Echecs"]
[WhiteFideId "13502956"]
[BlackFideId "655830"]
[EventDate "2018.05.26"]

1. e4 c5 2. Nf3 Nc6 3. Nc3 g6 4. Bb5 Bg7 5. O-O e5 6. a3 Nge7 7. b4 d6 8. Bc4
O-O 9. Rb1 Nd4 10. bxc5 dxc5 11. Nxd4 cxd4 12. Ne2 Qc7 13. d3 b6 14. Bd2 Bb7 15.
Bb4 Rae8 16. c3 Bxe4 17. dxe4 Qxc4 18. cxd4 exd4 19. Rc1 Qe6 20. Nxd4 Bxd4 21.
Qxd4 Nc6 22. Rxc6 1/2-1/2

[Event "TCh-FRA Top 12 2018"]
[Site "Brest FRA"]
[Date "2018.05.28"]
[Round "3.4"]
[Board "6"]
[White "Travadon, Loic"]
[Black "Nezar, Mustapha"]
[Result "0-1"]
[WhiteTitle "FM"]
[BlackTitle "IM"]
[WhiteElo "2377"]
[BlackElo "2326"]
[WhiteTeam "C.E. de BOIS COLOMBES"]
[BlackTeam "VANDOEUVRE-Echecs"]
[WhiteFideId "26092131"]
[BlackFideId "608637"]
[EventDate "2018.05.26"]

1. e4 c5 2. Nf3 e6 3. d4 cxd4 4. Nxd4 a6 5. c4 Nf6 6. Nc3 Bb4 7. Qd3 d5 8. exd5
exd5 9. Be2 O-O 10. O-O Nc6 11. Nxc6 bxc6 12. cxd5 cxd5 13. Bg5 Be6 14. Bf3 Be7
15. Rad1 Qa5 16. Bxf6 Bxf6 17. Nxd5 Bxd5 18. Bxd5 Rab8 19. Qf5 Rb5 20. Qd7 Rxb2
21. Rfe1 Rbb8 22. g4 g6 23. Qd6 Kg7 24. f4 Rfd8 25. Qc6 Bd4+ 26. Rxd4 Qxe1+ 27.
Kg2 Qe2+ 0-1

[Event "TCh-FRA Top 12 2018"]
[Site "Brest FRA"]
[Date "2018.05.28"]
[Round "3.4"]
[Board "7"]
[White "Iglesias, Joachim"]
[Black "Dionisi, Thomas"]
[Result "1/2-1/2"]
[BlackTitle "FM"]
[WhiteElo "2249"]
[BlackElo "2399"]
[WhiteTeam "VANDOEUVRE-Echecs"]
[BlackTeam "C.E. de BOIS COLOMBES"]
[WhiteFideId "637823"]
[BlackFideId "651893"]
[EventDate "2018.05.26"]

1. d4 f5 2. Bg5 g6 3. Nc3 Bg7 4. h4 h6 5. Bf4 Nf6 6. Qd3 d6 7. Qg3 Kf7 8. O-O-O
Nh5 9. Qf3 Nxf4 10. Qxf4 e5 11. dxe5 Bxe5 12. Qd2 Be6 13. Nh3 Qf6 14. Nd5 Bxb2+
15. Kb1 Bxd5 16. Qxd5+ Kg7 17. Nf4 Na6 18. Ne6+ Kh7 19. Ng5+ Kg7 20. Ne6+ Kh7 1/2-1/2

[Event "TCh-FRA Top 12 2018"]
[Site "Brest FRA"]
[Date "2018.05.28"]
[Round "3.4"]
[Board "8"]
[White "Leconte, Maria"]
[Black "Steil-Antoni, Fiona"]
[Result "1-0"]
[WhiteTitle "WGM"]
[BlackTitle "WIM"]
[WhiteElo "2208"]
[BlackElo "2200"]
[WhiteTeam "C.E. de BOIS COLOMBES"]
[BlackTeam "VANDOEUVRE-Echecs"]
[WhiteFideId "618446"]
[BlackFideId "4001249"]
[EventDate "2018.05.26"]

1. Nf3 Nf6 2. g3 g6 3. Bg2 Bg7 4. O-O O-O 5. d4 d6 6. Nc3 Nbd7 7. e4 e5 8. Re1
c6 9. a4 b6 10. dxe5 dxe5 11. b3 Re8 12. Ba3 Bb7 13. Nd2 Bf8 14. Bxf8 Nxf8 15.
Nc4 Qe7 16. Qd6 Rad8 17. Qxe7 Rxe7 18. Rad1 Rxd1 19. Rxd1 Ba6 20. Nd6 Ne6 21. b4
Nd4 22. b5 cxb5 23. axb5 Bb7 24. f4 Nxc2 25. Nxb7 Rxb7 26. Nd5 Ng4 27. Rd2 Na3
28. h3 Nh6 29. Bf1 exf4 30. gxf4 Kg7 31. Ra2 Nxb5 32. Bxb5 a5 33. Bc6 Rb8 34.
Rb2 Ng8 35. Rxb6 Rxb6 36. Nxb6 g5 37. f5 h5 38. Kf2 h4 39. Nc4 Nf6 40. Kf3 Kh6
41. Nd6 Kh5 42. Nxf7 g4+ 43. hxg4+ Nxg4 44. e5 h3 45. Kg3 Nxe5 46. Nxe5 Kg5 47.
Be4 a4 48. Nc4 1-0

[Event "TCh-FRA Top 12 2018"]
[Site "Brest FRA"]
[Date "2018.05.28"]
[Round "3.5"]
[Board "1"]
[White "Moussard, Jules"]
[Black "Kryvoruchko, Yuriy"]
[Result "0-1"]
[WhiteTitle "GM"]
[BlackTitle "GM"]
[WhiteElo "2570"]
[BlackElo "2705"]
[WhiteTeam "Evry Grand Roque"]
[BlackTeam "GRASSE Echecs"]
[WhiteFideId "642908"]
[BlackFideId "14109182"]
[EventDate "2018.05.26"]

1. e4 e5 2. Nf3 Nc6 3. Bc4 Bc5 4. O-O Nf6 5. d3 O-O 6. c3 d6 7. h3 a6 8. a4 h6
9. Re1 Be6 10. Nbd2 Bxc4 11. Nxc4 Re8 12. Be3 Bxe3 13. Nxe3 a5 14. Qb3 Qd7 15.
Rad1 b6 16. Nd5 Nxd5 17. Qxd5 Rad8 18. Qb5 Re7 19. Re3 Rde8 20. Qc4 Re6 21. b4
Rd8 22. b5 Ne7 23. d4 Ng6 24. dxe5 Nxe5 25. Nxe5 Rxe5 26. Rd5 Rde8 27. f4 Rxd5
28. Qxd5 Qe6 29. Qd4 Qb3 30. Rg3 g6 31. Kh2 Qe6 32. Re3 g5 33. fxg5 hxg5 34. Rg3
Qe5 35. Qf2 f6 36. Kg1 Kg7 37. Rf3 Qxe4 38. Qa2 Qe1+ 39. Kh2 Qe5+ 40. Kh1 Qc5
41. Qd2 Re4 42. Rf1 Qe5 43. c4 Rxc4 44. Re1 Re4 45. Rxe4 Qxe4 46. Qc3 Qe7 47.
Qc4 Qe1+ 48. Kh2 Qe5+ 49. Kh1 d5 50. Qg4 Qe7 51. Qd1 Qe4 52. Qc1 Qe5 53. Kg1 d4
54. Kf2 d3 55. Qc4 d2 0-1

[Event "TCh-FRA Top 12 2018"]
[Site "Brest FRA"]
[Date "2018.05.28"]
[Round "3.5"]
[Board "2"]
[White "Kuzubov, Yuriy"]
[Black "Fedorchuk, Sergey A."]
[Result "1/2-1/2"]
[WhiteTitle "GM"]
[BlackTitle "GM"]
[WhiteElo "2663"]
[BlackElo "2637"]
[WhiteTeam "GRASSE Echecs"]
[BlackTeam "Evry Grand Roque"]
[WhiteFideId "14112906"]
[BlackFideId "14102536"]
[EventDate "2018.05.26"]

1. d4 Nf6 2. c4 e6 3. g3 Bb4+ 4. Bd2 c5 5. Bxb4 cxb4 6. Bg2 O-O 7. Nf3 d6 8. O-O
Nc6 9. a3 Qb6 10. axb4 Nxb4 11. Nc3 Bd7 12. e4 Rfd8 13. Qe2 h6 14. Rad1 Rac8 15.
Rfe1 a5 16. e5 dxe5 17. Nxe5 Nc6 18. c5 Qb4 19. Nc4 Be8 20. d5 exd5 21. Nd6 d4
22. Nxc8 Rxc8 23. Nd5 Nxd5 24. Bxd5 Qxc5 25. Qh5 Kh8 26. Qf3 Qd6 27. Bxf7 Qf8
28. Bd5 Qxf3 29. Bxf3 Rd8 30. Rd2 Bf7 31. Bxc6 bxc6 32. Ra1 Rd5 33. Ra4 d3 34.
f4 g5 35. f5 Kg7 36. g4 h5 37. h3 hxg4 38. hxg4 Rb5 39. Rd4 Bd5 40. Kf2 Kf6 41.
R4xd3 Rb4 42. Kg3 Re4 43. Rh2 Re1 44. Kf2 Rb1 45. Ke3 Rg1 46. Rd4 Rg3+ 47. Kd2
Rg1 48. Ra4 Rg3 49. Re2 Rb3 50. Kc2 Rg3 51. Rd4 a4 52. Rb4 a3 53. bxa3 Rxa3 54.
Kd2 Rg3 55. Re3 Rg1 56. Rd4 Rg2+ 57. Kc3 Rg1 58. Kb4 Rc1 59. Rc3 Re1 60. Kc5 Ke5
61. Ra4 Re2 62. Rc1 Re3 63. Ra7 Kf6 64. Rb1 Re4 65. Rb8 Rxg4 66. Rf8+ Ke5 67.
Re7+ Kf4 68. Kd6 Rg3 69. f6 Rf3 70. Re1 g4 71. f7 Kg3 72. Rg1+ Kf2 73. Rxg4 Bxf7
74. Rh8 Bd5 75. Ke5 Ke2 76. Rh2+ Kd3 77. Ra4 Kc3 78. Kd6 Kb3 79. Rg4 Rd3 80. Rf4
Rc3 81. Rf8 Rc4 82. Rb8+ Kc3 83. Rh3+ Kc2 84. Rf8 Kb2 85. Re8 Rc3 86. Re2+ Rc2
87. Ree3 Rc1 88. Ke5 Rc2 89. Reg3 Re2+ 90. Kd4 Rc2 91. Rg7 Rc4+ 92. Ke5 Rc3 93.
Rb7+ Bb3 94. Rxc3 Kxc3 1/2-1/2

[Event "TCh-FRA Top 12 2018"]
[Site "Brest FRA"]
[Date "2018.05.28"]
[Round "3.5"]
[Board "3"]
[White "Brochet, Philippe"]
[Black "Hera, Imre Jr."]
[Result "1/2-1/2"]
[WhiteTitle "IM"]
[BlackTitle "GM"]
[WhiteElo "2409"]
[BlackElo "2620"]
[WhiteTeam "Evry Grand Roque"]
[BlackTeam "GRASSE Echecs"]
[WhiteFideId "602469"]
[BlackFideId "716855"]
[EventDate "2018.05.26"]

1. e4 c5 2. Nf3 e6 3. g3 b6 4. Bg2 Bb7 5. Nc3 Nf6 6. e5 Nd5 7. Nxd5 Bxd5 8. b3
Nc6 9. Bb2 Qc7 10. O-O Rd8 11. Re1 Be7 12. c4 Bxf3 13. Qxf3 O-O 14. Rad1 f6 15.
Qe2 fxe5 16. Bxc6 Qxc6 1/2-1/2

[Event "TCh-FRA Top 12 2018"]
[Site "Brest FRA"]
[Date "2018.05.28"]
[Round "3.5"]
[Board "5"]
[White "Relange, Eloi"]
[Black "Sebag, Marie"]
[Result "1/2-1/2"]
[WhiteTitle "GM"]
[BlackTitle "GM"]
[WhiteElo "2455"]
[BlackElo "2486"]
[WhiteTeam "Evry Grand Roque"]
[BlackTeam "GRASSE Echecs"]
[WhiteFideId "600822"]
[BlackFideId "617822"]
[EventDate "2018.05.26"]

1. d4 d5 2. c4 c6 3. Nf3 Nf6 4. Nc3 dxc4 5. a4 Bf5 6. Ne5 Nbd7 7. Nxc4 Nb6 8.
Ne5 a5 9. f3 Nfd7 10. Nxd7 Nxd7 11. e4 Bg6 12. Be2 e6 13. O-O Bb4 14. Be3 O-O
15. Qb3 Qb6 16. Bf2 Rfd8 17. Rac1 Rac8 18. Rfd1 h6 19. Bf1 Qc7 20. Bg3 Qb6 21.
Bf2 Qc7 22. Bg3 Qb6 23. Bf2 1/2-1/2

[Event "TCh-FRA Top 12 2018"]
[Site "Brest FRA"]
[Date "2018.05.28"]
[Round "3.5"]
[Board "6"]
[White "Wirig, Anthony"]
[Black "Leroy, Didier"]
[Result "1/2-1/2"]
[WhiteTitle "GM"]
[BlackTitle "IM"]
[WhiteElo "2504"]
[BlackElo "2297"]
[WhiteTeam "GRASSE Echecs"]
[BlackTeam "Evry Grand Roque"]
[WhiteFideId "615013"]
[BlackFideId "610950"]
[EventDate "2018.05.26"]

1. c4 Nf6 2. g3 g6 3. Bg2 Bg7 4. Nc3 O-O 5. d4 c6 6. Nf3 Qa5 7. O-O Qa6 8. b3 d5
9. cxd5 cxd5 10. Bg5 e6 11. Rc1 Nc6 12. Ne5 Nxe5 13. dxe5 Ng4 14. a4 Bd7 15. Nb5
Bxb5 16. axb5 Qxb5 17. e4 Nxe5 18. exd5 exd5 19. Qxd5 Qxd5 20. Bxd5 Rac8 21.
Bxb7 Rb8 22. Bd5 Rb5 23. Rfd1 Nf3+ 24. Bxf3 Rxg5 25. Rc7 a5 26. Bd5 Bf6 27. Bc4
Rf5 28. Kg2 Bc3 29. Rdd7 Bb4 30. f4 h5 31. Kf3 Rf6 32. Ra7 Kg7 33. h3 Be1 34. g4
hxg4+ 35. hxg4 g5 36. f5 Bb4 37. Rab7 Bc3 38. Ke4 Be1 39. Kd3 Bb4 40. Ra7 Be1
41. Kc2 Bb4 42. Rdb7 Be1 43. Re7 Bb4 44. Re6 Rd8 45. Rxf6 Kxf6 46. Bxf7 Rd2+ 47.
Kc1 Rg2 48. Bh5 Ke5 49. Rd7 Rg3 50. Kc2 Rg2+ 51. Kc1 Rg3 52. Kc2 1/2-1/2

[Event "TCh-FRA Top 12 2018"]
[Site "Brest FRA"]
[Date "2018.05.28"]
[Round "3.5"]
[Board "7"]
[White "Milliet, Sophie"]
[Black "Apicella, Manuel"]
[Result "1/2-1/2"]
[WhiteTitle "IM"]
[BlackTitle "GM"]
[WhiteElo "2391"]
[BlackElo "2513"]
[WhiteTeam "Evry Grand Roque"]
[BlackTeam "GRASSE Echecs"]
[WhiteFideId "623725"]
[BlackFideId "600164"]
[EventDate "2018.05.26"]

1. e4 e6 2. d4 d5 3. Nc3 Bb4 4. e5 Ne7 5. a3 Bxc3+ 6. bxc3 c5 7. h4 Qc7 8. h5 h6
9. Bd2 Nbc6 10. Qg4 Nf5 11. Nf3 Bd7 12. Bd3 Rg8 13. Qf4 O-O-O 14. Bxf5 exf5 15.
dxc5 Nxe5 16. Nxe5 Rde8 17. O-O-O Qxe5 18. Qxe5 Rxe5 19. Be3 f6 20. Rd4 1/2-1/2